000 006950000a22002050004500
090 _aAR
_b03956
245 1 0 _aInsectos, biodiversidad, conservación
_s¿cómo monitoriar insectos en Colombia?
300 _a37-64
650 1 4 _aEntomología
_94483
650 1 4 _aTécnicas de muestreo
_95826
650 1 4 _aBioindicadores
_94131
650 1 4 _aModelos matemáticos
_996459
651 4 _pColombia
_992749
041 0 _aEspañol
700 1 _aMiranda, Rafael
_993776
100 1 _aAmat García, Germán
_95379
260 _aBogotá
_bAcademia Colombiana de Ciencias Exactas, Físicas y Naturales
_c1996
942 _cARTICULO
773 1 _tEn Amat García, G.; Fernández F.eds./ Insectos de Colombia
999 _c12990
_d12990